Tribunales Colegiados del Circuito

Detalles Bibliográficos
Formato: Desconocido
Lenguaje:español
Publicado: [Mx̌ico] : [s.n.]
Materias:
Acceso en línea:Acceso restringido

MARC

LEADER 00000ny a22000003n 4500
005 20110510111825.0
008 100414c19819999mx zr pss 0 a0spa d
035 |a 1840 
040 |a BUS  |d vLex 
090 |c 1505  |d 1505 
245 3 0 |a Tribunales Colegiados del Circuito  |h [Recurso electrn̤ico] 
256 |a Servicio en ln̕ea 
260 |a [Mx̌ico] :  |b [s.n.] 
650 0 4 |a Sentencias  |x Publicaciones perid̤icas 
650 0 4 |a Tribunales  |z Amřica Latina  |x Publicaciones perid̤icas 
740 0 |a vLex Revista (Servicios en ln̕ea) 
843 |a Electrn̤ica. Abierta 
853 |8 1  |i (year)  |j (month)  |k (day) 
856 4 0 |z Acceso restringido  |u http://vlex.com/source/tribunales-colegiados-1840 
942 |c REV